<?xml version="1.0" encoding="UTF-8"?>
<collection xmlns="http://www.loc.gov/MARC21/slim">
 <record>
  <leader>03318cam a2200541  b4500</leader>
  <controlfield tag="001">1431446203</controlfield>
  <controlfield tag="003">DE-627</controlfield>
  <controlfield tag="005">20240311183203.0</controlfield>
  <controlfield tag="007">tu</controlfield>
  <controlfield tag="008">120312s2011    be |||||      00| ||fre c</controlfield>
  <datafield tag="020" ind1=" " ind2=" ">
   <subfield code="a">9782930054124</subfield>
   <subfield code="9">978-2-930054-12-4</subfield>
  </datafield>
  <datafield tag="024" ind1="3" ind2=" ">
   <subfield code="a">9782930054124</subfield>
  </datafield>
  <datafield tag="035" ind1=" " ind2=" ">
   <subfield code="a">(DE-627)1431446203</subfield>
  </datafield>
  <datafield tag="035" ind1=" " ind2=" ">
   <subfield code="a">(DE-576)361446209</subfield>
  </datafield>
  <datafield tag="035" ind1=" " ind2=" ">
   <subfield code="a">(DE-599)BSZ361446209</subfield>
  </datafield>
  <datafield tag="035" ind1=" " ind2=" ">
   <subfield code="a">(OCoLC)802342843</subfield>
  </datafield>
  <datafield tag="040" ind1=" " ind2=" ">
   <subfield code="a">DE-627</subfield>
   <subfield code="b">ger</subfield>
   <subfield code="c">DE-627</subfield>
   <subfield code="e">rakwb</subfield>
  </datafield>
  <datafield tag="041" ind1=" " ind2=" ">
   <subfield code="a">fre</subfield>
  </datafield>
  <datafield tag="044" ind1=" " ind2=" ">
   <subfield code="c">XA-BE</subfield>
  </datafield>
  <datafield tag="084" ind1=" " ind2=" ">
   <subfield code="a">9,10</subfield>
   <subfield code="2">ssgn</subfield>
  </datafield>
  <datafield tag="084" ind1=" " ind2=" ">
   <subfield code="a">LH 74000</subfield>
   <subfield code="q">DE-24/20sred</subfield>
   <subfield code="2">rvk</subfield>
   <subfield code="0">(DE-625)rvk/94940:</subfield>
  </datafield>
  <datafield tag="100" ind1="1" ind2=" ">
   <subfield code="a">Lecocq, Isabelle</subfield>
   <subfield code="d">1972-</subfield>
   <subfield code="0">(DE-588)136736912</subfield>
   <subfield code="0">(DE-627)585871698</subfield>
   <subfield code="0">(DE-576)188803629</subfield>
   <subfield code="4">aut</subfield>
  </datafield>
  <datafield tag="245" ind1="1" ind2="4">
   <subfield code="a">Les vitraux de la seconde moitié du XVIe siècle et de la première moitié du XVIIe siècle conservés en Belgique</subfield>
   <subfield code="b">provinces du Brabant Wallon, de Hainaut, de Liège et de Namur</subfield>
   <subfield code="c">par Isabelle Lecocq</subfield>
  </datafield>
  <datafield tag="246" ind1="1" ind2=" ">
   <subfield code="i">Nebent.</subfield>
   <subfield code="a">Les vitraux conservés en Belgique</subfield>
  </datafield>
  <datafield tag="264" ind1=" " ind2="1">
   <subfield code="a">Turnhout</subfield>
   <subfield code="b">Brepols</subfield>
   <subfield code="c">2011</subfield>
  </datafield>
  <datafield tag="300" ind1=" " ind2=" ">
   <subfield code="a">792 S.</subfield>
   <subfield code="b">zahlr. Ill., Kt.</subfield>
  </datafield>
  <datafield tag="336" ind1=" " ind2=" ">
   <subfield code="a">Text</subfield>
   <subfield code="b">txt</subfield>
   <subfield code="2">rdacontent</subfield>
  </datafield>
  <datafield tag="337" ind1=" " ind2=" ">
   <subfield code="a">ohne Hilfsmittel zu benutzen</subfield>
   <subfield code="b">n</subfield>
   <subfield code="2">rdamedia</subfield>
  </datafield>
  <datafield tag="338" ind1=" " ind2=" ">
   <subfield code="a">Band</subfield>
   <subfield code="b">nc</subfield>
   <subfield code="2">rdacarrier</subfield>
  </datafield>
  <datafield tag="490" ind1="1" ind2=" ">
   <subfield code="a">Corpus vitrearum : Belgique</subfield>
   <subfield code="v">T. 6</subfield>
  </datafield>
  <datafield tag="583" ind1="1" ind2=" ">
   <subfield code="a">Archivierung/Langzeitarchivierung gewährleistet</subfield>
   <subfield code="f">SLG</subfield>
   <subfield code="z">Glas</subfield>
   <subfield code="2">pdager</subfield>
   <subfield code="5">DE-24</subfield>
  </datafield>
  <datafield tag="583" ind1="1" ind2=" ">
   <subfield code="a">Archivierung/Langzeitarchivierung gewährleistet</subfield>
   <subfield code="f">SSG</subfield>
   <subfield code="x">XA-DE-BW</subfield>
   <subfield code="2">pdager</subfield>
   <subfield code="5">DE-16</subfield>
  </datafield>
  <datafield tag="689" ind1="0" ind2="0">
   <subfield code="d">g</subfield>
   <subfield code="0">(DE-588)4005406-8</subfield>
   <subfield code="0">(DE-627)106381814</subfield>
   <subfield code="0">(DE-576)208860592</subfield>
   <subfield code="a">Belgien</subfield>
   <subfield code="2">gnd</subfield>
  </datafield>
  <datafield tag="689" ind1="0" ind2="1">
   <subfield code="d">s</subfield>
   <subfield code="0">(DE-588)4021177-0</subfield>
   <subfield code="0">(DE-627)106315099</subfield>
   <subfield code="0">(DE-576)208936653</subfield>
   <subfield code="a">Glasmalerei</subfield>
   <subfield code="2">gnd</subfield>
  </datafield>
  <datafield tag="689" ind1="0" ind2="2">
   <subfield code="a">z</subfield>
   <subfield code="2">gnd</subfield>
   <subfield code="a">Geschichte 1550-1650</subfield>
  </datafield>
  <datafield tag="689" ind1="0" ind2=" ">
   <subfield code="5">DE-101</subfield>
  </datafield>
  <datafield tag="787" ind1="0" ind2="8">
   <subfield code="i">Rezension:</subfield>
   <subfield code="a">Hérold, Michel</subfield>
   <subfield code="t">Isabelle Lecocq, Les vitraux de la seconde moitié du XVIe siècle et de la première moitié du XVIIe siècle conservés en Belgique</subfield>
   <subfield code="d">Paris : Ed. Ophrys, 2014</subfield>
   <subfield code="h">S. 58-59</subfield>
   <subfield code="w">(DE-627)153120063X</subfield>
   <subfield code="w">(DE-576)461200635</subfield>
  </datafield>
  <datafield tag="787" ind1="0" ind2="8">
   <subfield code="i">Rezension:</subfield>
   <subfield code="a">Scholz, Hartmut, 1956 - </subfield>
   <subfield code="t">[Rezension von: Isabelle Lecocq, Les vitraux de la seconde moitié du XVIe siècle et de la première moitié du XVIIe siècle conservés en Belgique]</subfield>
   <subfield code="d">2012</subfield>
   <subfield code="w">(DE-627)1539484580</subfield>
   <subfield code="w">(DE-576)469484586</subfield>
  </datafield>
  <datafield tag="787" ind1="0" ind2="8">
   <subfield code="i">Rezension:</subfield>
   <subfield code="a">Scholz, Hartmut, 1956 - </subfield>
   <subfield code="t">Isabelle Lecocq, Les vitraux de la seconde moitié du XVIe siècle et de la première moitié du XVIIe siècle conservés en Belgique</subfield>
   <subfield code="d">Regensburg : Schnell und Steiner, 2012</subfield>
   <subfield code="h">Seiten 161-166</subfield>
   <subfield code="w">(DE-627)1578367522</subfield>
   <subfield code="w">(DE-576)508367522</subfield>
  </datafield>
  <datafield tag="810" ind1="2" ind2=" ">
   <subfield code="a">Corpus Vitrearum Belgique</subfield>
   <subfield code="t">Corpus Vitrearum Belgium</subfield>
   <subfield code="v">6</subfield>
   <subfield code="9">6</subfield>
   <subfield code="w">(DE-627)1082351806</subfield>
   <subfield code="w">(DE-576)012351806</subfield>
   <subfield code="7">nm</subfield>
  </datafield>
  <datafield tag="856" ind1="4" ind2="2">
   <subfield code="u">https://swbplus.bsz-bw.de/bsz361446209inh.htm</subfield>
   <subfield code="m">B:DE-576;DE-16</subfield>
   <subfield code="q">application/pdf</subfield>
   <subfield code="v">20121009095235</subfield>
   <subfield code="x">Verlag</subfield>
   <subfield code="3">Inhaltsverzeichnis</subfield>
  </datafield>
  <datafield tag="936" ind1="r" ind2="v">
   <subfield code="a">LH 74000</subfield>
   <subfield code="b">Allgemeine geschichtliche Darstellungen, Abbildungswerke zur Glasfenstermalerei insgesamt, Theorie etc.</subfield>
   <subfield code="k">Kunstgeschichte</subfield>
   <subfield code="k">Allgemeines. Allgemeine Kunstgeschichte</subfield>
   <subfield code="k">Kunstgeschichte einzelner Gattungen der Kunst</subfield>
   <subfield code="k">Glasfenstermalerei</subfield>
   <subfield code="k">Allgemeine geschichtliche Darstellungen, Abbildungswerke zur Glasfenstermalerei insgesamt, Theorie etc.</subfield>
   <subfield code="0">(DE-627)1270637991</subfield>
   <subfield code="0">(DE-625)rvk/94940:</subfield>
   <subfield code="0">(DE-576)200637991</subfield>
  </datafield>
  <datafield tag="951" ind1=" " ind2=" ">
   <subfield code="a">MV</subfield>
  </datafield>
  <datafield tag="990" ind1=" " ind2=" ">
   <subfield code="a">Belgien</subfield>
  </datafield>
  <datafield tag="990" ind1=" " ind2=" ">
   <subfield code="a">Glasmalerei</subfield>
  </datafield>
  <datafield tag="990" ind1=" " ind2=" ">
   <subfield code="a">Geschichte 1550-1650</subfield>
  </datafield>
  <datafield tag="991" ind1=" " ind2=" ">
   <subfield code="a">Rezensiertes Werk</subfield>
  </datafield>
  <datafield tag="999" ind1=" " ind2=" ">
   <subfield code="a">KXP-PPN1431446203</subfield>
   <subfield code="e">4158583950</subfield>
  </datafield>
 </record>
</collection>
